Statistics for The "I Betcha Didn't Know" Geo Quiz

Click here to take the quiz!

General Stats

  • This quiz has been taken 9 times
  • The average score is 10 of 15

Answer Stats

QuestionAnswer% Correct
The country where Adolf Hitler(Nazi Germany) was born.Austria and not Australia
100%
A country whose capital is also the same exact name as the country itself.Monaco
89%
A country whose capital is the same exact name as the country itself.Singapore
89%
The country that is shaped like a teardrop.Sri Lanka
89%
Two countries that were in Indo China(French Indo China).Laos and Vietnam
78%
The country where Josef Stalin(Union of Soviet Socialist Republic's) was born.Republic of Georgia and not the State of Georgia
78%
A continent, or even a sub-continent, that is actually upside down on the world map.Antarctica(continent)
67%
What is ONE OF THE countries where an organization, who fought the British, created its military(TRICK QUESTION)?Republic of Ireland(Irish Republican Army)
67%
Thailand used to be called by this name.Siam(True)
67%
Two area's that are both so-called "breakaway republic's".Nagorno-Karabakh and South Ossetia
56%
US State where most of its well known cities start with the letter "C".Ohio
56%
The country that accidentally invaded Liechtenstein once whenever its troops went off course during a training exercise.Switzerland
56%
A country that is, generally speaking, the same exact size as the US State of Rhode Island.Luxembourg
44%
The country that almost looks like a larger version of one of the US Great Lake's.Sweden
22%
The country where a war took place where both sides ended up partying with each other when the day's would end.Moldova
11%

Score Distribution

Percentile by Number Answered

Percent of People with Each Score

Your Score History

You have not taken this quiz